• 首页
  • 本馆介绍
  • 公告通知
  • 最新文献
  • 馆藏检索
  • 电子资源
  • 读者导购
  • 参考咨询
  • 我的图书馆
  • 登录
  • 详细信息显示
  • 放入我的书架
  • 预约/预借图书
  • 作者相关作品
  • 分类相关作品
  • 丛书相关作品
  • 出版社相关作品

书目信息

  • 表格格式
  • 工作单格式
  • 卡片格式
题名:
健康三字经:少儿编
    
 
作者: 余宏迢等著
分册:  
出版信息: 北京   人民卫生出版社  1995.08
页数: 47页
开本: 32开
丛书名:
单 册:
中图分类: R175
科图分类:
主题词: 妇幼卫生
电子资源:
ISBN: 7-117-02272-8
000 00537nam0 2200181 45
001 9911301546
005 19991130153922.8
010    @a7-117-02272-8@d4.50
100    @a19991130d1995 km y0chiy0120 ea
101    @achi
105    @a z 000yy
200 1  @a健康三字经:少儿编@AJian Kang San Zi Jing:Shao Er Bian@f余宏迢等著@FYu Hong Tiao Deng Zhu
210    @a北京@c人民卫生出版社@d1995.08
215    @a47页@c无图表@d32开
606 0  @a妇幼卫生
690    @aR175@v3
801    @aCN@bPerfectUser@c19991130
905    @aBZT@b46490-492@f8@dR175@e2
    
    健康三字经:少儿编/余宏迢等著.-北京:人民卫生出版社,1995.08
    47页:无图表;32开
    
    
    ISBN 7-117-02272-8:4.50
    
●
相关链接 在五车中查询图书 在当当中查询图书 在豆瓣中查询图书


正题名:健康三字经:少儿编     索取号:R175/2         预约/预借

序号 登录号 条形码 馆藏地/架位号 状态 备注
1 46491   200193370   中心书库中库/ 中库002架A面5列5层27/ [索取号:R175/2] 在馆    
2 46492   200193405   中心书库中库/ 中库002架A面5列5层28/ [索取号:R175/2] 在馆    
3 49787   200193334   中心书库中库/ 中库002架A面5列5层31/ [索取号:R175/2] 在馆    
4 49788   200193343   中心书库中库/ 中库002架A面5列5层30/ [索取号:R175/2] 在馆    
5 49789   200193389   中心书库中库/ 中库002架A面5列5层29/ [索取号:R175/2] 在馆    
6 49790   200193361   中心书库中库/ 中库002架A面5列5层25/ [索取号:R175/2] 在馆    
7 49791   200193352   中心书库中库/ 中库002架A面5列5层26/ [索取号:R175/2] 在馆    
山东省滨州职业学院图书馆 欢迎您!
大连网信软件有限公司© 版权所有